Africa south of the Sahara : the challenge to Western security /

Bibliographic Details
Main Author: Gann, Lewis H., 1924-1997
Corporate Author: Hoover Institution on War, Revolution, and Peace
Other Authors: Duignan, Peter
Format: Book
Language:English
Published: Stanford, Calif. : Hoover Institution Press, Stanford University, [1981]
Series:Hoover Press publication ; 238.
Subjects:

MARC

Tag First Indicator Second Indicator Subfields
LEADER 00000cam a2200000 a 4500
001 in00000085956
005 20151008064357.0
008 810921s1981 caub b 00110 eng
010 |a  80082750  
020 |a 0817973826 (pbk.) 
035 |a (OCoLC)07477116 
035 |9 AAK4065AM 
039 0 |a 2  |b 3  |c 3  |d 3  |e 3 
040 |a DLC  |c DLC  |d TXA  |d UtOrBLW 
043 |a fb----- 
049 |a TXAM  |c [1672905] 
050 0 0 |a UA855.7  |b .G36 
082 0 |a 355/.033067  |2 19 
100 1 |a Gann, Lewis H.,  |d 1924-1997. 
245 1 0 |a Africa south of the Sahara :  |b the challenge to Western security /  |c L.H. Gann, Peter Duignan. 
264 1 |a Stanford, Calif. :  |b Hoover Institution Press, Stanford University,  |c [1981] 
264 4 |c ©1981 
300 |a xiv, 114 pages :  |b maps ;  |c 23 cm. 
336 |a text  |b txt  |2 rdacontent 
337 |a unmediated  |b n  |2 rdamedia 
338 |a volume  |b nc  |2 rdacarrier 
490 1 |a Hoover Press publication ;  |v 238 
500 |a Companion volume to the authors' The Middle East and North Africa. 
500 |a Includes index. 
504 |a Bibliography: pages [109]-110. 
651 0 |a Africa, Sub-Saharan  |x Strategic aspects. 
700 1 |a Duignan, Peter. 
710 2 |a Hoover Institution on War, Revolution, and Peace. 
830 0 |a Hoover Press publication ;  |v 238. 
999 |a MARS 
999 f f |s 1b6fb7b8-b93b-356d-be75-b6fd24fccb14  |i 8f1c04f5-2b26-300e-a1d6-85b440d119db  |t 0 
952 f f |p ric  |a Texas A&M University  |b Rellis Campus  |c Joint Library Facility  |d Remote Storage  |t 0  |e UA855.7 .G36  |h Library of Congress classification  |i unmediated -- volume  |m A14806261017 
998 f f |a UA855.7 .G36  |t 0  |l Remote Storage